|
|
|
|
| LEADER |
01215nam a2200241 u 4500 |
| 001 |
10018974 |
| 003 |
upatras |
| 005 |
20210117205248.0 |
| 008 |
881025s1997 gr gre |
| 040 |
|
|
|a GR-PaULI
|c GR-PaULI
|
| 041 |
0 |
|
|a gre
|
| 082 |
0 |
4 |
|a 889.07
|
| 100 |
1 |
|
|9 61484
|a Αριστηνός, Γιώργος,
|d 1945-
|
| 245 |
1 |
0 |
|a Εισαγωγή στην πεζογραφία του Γ. Χειμωνά
|c Αριστηνός Γιώργης
|
| 260 |
|
|
|a Αθήνα
|b Κέδρος
|c 1997
|
| 300 |
|
|
|a 160 σ.
|c 20 εκ
|
| 650 |
|
4 |
|a Νεοελληνική λογοτεχνία
|x Λόγοι, δοκίμια, διαλέξεις
|9 1048
|
| 852 |
|
|
|a GR-PaULI
|b ΠΑΤΡΑ
|b ΒΚΠ
|b ΒΣ2
|k ΑΣΧΕ
|h 889.07 ΑΡΙ
|m 36743
|p 025000062423
|t 1
|
| 852 |
|
|
|a GR-PaULI
|b ΠΑΤΡΑ
|b ΒΚΠ
|b ΒΣ2
|k ΑΣΧΕ
|h 889.07 ΑΡΙ
|m 36744
|p 025000062424
|t 2
|
| 942 |
|
|
|2 ddc
|c BK15
|
| 952 |
|
|
|0 0
|1 0
|4 0
|6 889_070000000000000_ΑΡΙ
|7 0
|9 173416
|a LISP
|b LISP
|c BSC
|d 2016-04-24
|i 36743
|l 0
|o 889.07 ΑΡΙ
|p 025000062423
|r 2016-04-24 00:00:00
|t 1
|w 2016-04-24
|y BK15
|
| 952 |
|
|
|0 0
|1 0
|4 0
|6 889_070000000000000_ΑΡΙ
|7 0
|9 173417
|a LISP
|b LISP
|c BSC
|d 2016-04-24
|i 36744
|l 0
|o 889.07 ΑΡΙ
|p 025000062424
|r 2016-04-24 00:00:00
|t 2
|w 2016-04-24
|y BK15
|
| 999 |
|
|
|c 108386
|d 108386
|